Textbook of Microbiology (Record no. 759810)

MARC details
000 -LEADER
fixed length control field 00396nam a2200157 4500
020 ## - INTERNATIONAL STANDARD BOOK NUMBER
ISBN 9789391801830
082 ## - DEWEY DECIMAL CLASSIFICATION NUMBER
Classification number 579
Item number PRE.T
084 ## - OTHER CLASSIFICATION NUMBER
Source of Number Colon Classification
100 ## - MAIN ENTRY--AUTHOR NAME
Personal name Preeti Srivastava
245 ## - TITLE STATEMENT
Title Textbook of Microbiology
260 ## - PUBLICATION, DISTRIBUTION, ETC. (IMPRINT)
Place of publication New Delhi:
Name of publisher Rawat Prakashan;
Year of publication 2023.
300 ## - PHYSICAL DESCRIPTION
Number of Pages 272p.
700 ## - ADDED ENTRY--PERSONAL NAME
Personal name Sweta Gupta
942 ## - ADDED ENTRY ELEMENTS (KOHA)
Source of classification or shelving scheme Dewey Decimal Classification
Koha item type Book
Holdings
Withdrawn status Lost status Source of classification or shelving scheme Damaged status Not for loan Collection code Home Library Current Location Shelving location Date acquired Cost, normal purchase price Full call number Accession Number Price effective from Koha item type
    Dewey Decimal Classification     Non-fiction Campus Library Kariavattom Campus Library Kariavattom General Stacks 22/05/2026 1800.00 579 PRE.T UCL35421 22/05/2026 Book